00547cam a22002171 4500001001300000003000400013005001700017008004100034010001700075035002000092040001800112042001200130050002100142100003600163245003300199260001100232300001800243500001500261650003600276999001700312sa 68010971 DLC20260227112556.0881102s1966 xx 000 0 beno  asa 68010971  a(OCoLC)23581215 aDLCcMiUdDLC apremarc00aPK1718.S3823bS91 aSen, Dineshchandra,d1866-1939.10aSubalasakhāra kāṇḍa. c[1966] a63 p.c19 cm. aRomanized. 0aKrishna (Hindu deity)vFiction. c83639d83639